000 00507nam a2200181Ia 4500
003 GCL
008 140319s9999 xx 000 0 ara d
040 _aGCL /
_cGCL
082 0 4 _a210.3
_bا م
100 1 _aابراهيم الابيارى
245 1 0 _aالموسوعة القرأنية الميسرة /
_cابراهيم الابيارى
300 _aمتعدد
490 _aكتاب
_v0
650 0 4 _aتفاسير
650 0 4 _aفهارس الايات
650 0 4 _aالقران
942 _2ddc
_cBK
999 _c42929
_d42929